<?xml version="1.0" encoding="UTF-8"?>
<record
    xmlns:xsi="http://www.w3.org/2001/XMLSchema-instance"
    xsi:schemaLocation="http://www.loc.gov/MARC21/slim http://www.loc.gov/standards/marcxml/schema/MARC21slim.xsd"
    xmlns="http://www.loc.gov/MARC21/slim">

  <leader>04409namaa22004451i 4500</leader>
  <controlfield tag="003">EG-GICUC</controlfield>
  <controlfield tag="005">20260502200753.0</controlfield>
  <controlfield tag="008">260502s2025    ua a|||frm||| 000 0 eng d</controlfield>
  <datafield tag="040" ind1=" " ind2=" ">
    <subfield code="a">EG-GICUC</subfield>
    <subfield code="b">eng</subfield>
    <subfield code="c">EG-GICUC</subfield>
    <subfield code="d">EG-GICUC</subfield>
    <subfield code="e">rda</subfield>
  </datafield>
  <datafield tag="041" ind1="0" ind2=" ">
    <subfield code="a">eng</subfield>
    <subfield code="b">eng</subfield>
    <subfield code="b">ara</subfield>
  </datafield>
  <datafield tag="049" ind1=" " ind2=" ">
    <subfield code="a">Deposit</subfield>
  </datafield>
  <datafield tag="082" ind1="0" ind2="4">
    <subfield code="a">530.05</subfield>
  </datafield>
  <datafield tag="092" ind1=" " ind2=" ">
    <subfield code="a">530.05</subfield>
    <subfield code="2">21</subfield>
  </datafield>
  <datafield tag="097" ind1=" " ind2=" ">
    <subfield code="a">M.Sc</subfield>
  </datafield>
  <datafield tag="099" ind1=" " ind2=" ">
    <subfield code="a">Cai01.13.10.M.Sc.2025.Wa.E</subfield>
  </datafield>
  <datafield tag="100" ind1="0" ind2=" ">
    <subfield code="a">Walaa Gomaa Ali Faramawy, </subfield>
    <subfield code="e">preparation.</subfield>
  </datafield>
  <datafield tag="245" ind1="1" ind2="0">
    <subfield code="a">Efficient remaining useful lifetime  prediction in prognostic health  management systems :  </subfield>
    <subfield code="b">binarization  strategies for real-time applications and  resource-limited environments /</subfield>
    <subfield code="c">by Walaa Gomaa Ali Faramawy ; Supervisors Prof. Dr. Mohamed Hesham Farouk, Dr. Ahmed Mohamed Elsheikh, Prof. Dr. Enas Hassan ElKhawas.</subfield>
  </datafield>
  <datafield tag="246" ind1="1" ind2="5">
    <subfield code="a">&#x62A;&#x642;&#x62F;&#x64A;&#x631; &#x641;&#x639;&#x651;&#x627;&#x644; &#x644;&#x639;&#x645;&#x631; &#x627;&#x644;&#x62A;&#x634;&#x63A;&#x64A;&#x644; &#x627;&#x644;&#x645;&#x62A;&#x628;&#x642;&#x64A; &#x641;&#x64A; &#x623;&#x646;&#x638;&#x645;&#x629; &#x625;&#x62F;&#x627;&#x631;&#x629; &#x627;&#x644;&#x635;&#x62D;&#x629; &#x627;&#x644;&#x62A;&#x646;&#x628;&#x624;&#x64A;&#x629; : </subfield>
    <subfield code="b">&#x627;&#x633;&#x62A;&#x631;&#x627;&#x62A;&#x64A;&#x62C;&#x64A;&#x627;&#x62A; &#x627;&#x644;&#x62A;&#x62D;&#x648;&#x64A;&#x644; &#x627;&#x644;&#x62B;&#x646;&#x627;&#x626;&#x64A; &#x644;&#x644;&#x62A;&#x637;&#x628;&#x64A;&#x642;&#x627;&#x62A; &#x627;&#x644;&#x641;&#x648;&#x631;&#x64A;&#x629; &#x648;&#x627;&#x644;&#x628;&#x64A;&#x626;&#x627;&#x62A; &#x645;&#x62D;&#x62F;&#x648;&#x62F;&#x629; &#x627;&#x644;&#x645;&#x648;&#x627;&#x631;&#x62F;</subfield>
  </datafield>
  <datafield tag="264" ind1=" " ind2="0">
    <subfield code="c">2025.</subfield>
  </datafield>
  <datafield tag="300" ind1=" " ind2=" ">
    <subfield code="a">68 pages : </subfield>
    <subfield code="b">illustrations ;</subfield>
    <subfield code="c">30 cm. + </subfield>
    <subfield code="e">CD.</subfield>
  </datafield>
  <datafield tag="336" ind1=" " ind2=" ">
    <subfield code="a">text</subfield>
    <subfield code="2">rda content</subfield>
  </datafield>
  <datafield tag="337" ind1=" " ind2=" ">
    <subfield code="a">Unmediated</subfield>
    <subfield code="2">rdamedia</subfield>
  </datafield>
  <datafield tag="338" ind1=" " ind2=" ">
    <subfield code="a">volume</subfield>
    <subfield code="2">rdacarrier</subfield>
  </datafield>
  <datafield tag="502" ind1=" " ind2=" ">
    <subfield code="a">Thesis (M.Sc)-Cairo University, 2025.</subfield>
  </datafield>
  <datafield tag="504" ind1=" " ind2=" ">
    <subfield code="a">Bibliography: pages 61-68.</subfield>
  </datafield>
  <datafield tag="520" ind1=" " ind2="3">
    <subfield code="a">This research addresses the challenges in estimating Remaining Useful Life (RUL) for 
equipment in physics and industrial systems, essential for ensuring reliability and 
safety. Traditional methods often suffer from large model sizes, high memory 
consumption, and slow inference speeds, which are impractical for real-time use and 
resource-constrained environments like Internet Of things (IoT) devices. Our study 
introduces innovative binarization techniques for recurrent neural networks to reduce 
model size and memory needs, improve green computing. The research balances 
computational efficiency with accuracy in RUL estimation, using a set of metrics 
including predictive accuracy, computational efficiency, memory reduction, and a 
scoring function that penalizes late predictions, crucial to preventing disasters in 
nuclear settings. </subfield>
  </datafield>
  <datafield tag="520" ind1=" " ind2="3">
    <subfield code="a">&#x64A;&#x64F;&#x639;&#x62F; &#x62A;&#x642;&#x62F;&#x64A;&#x631; &#x639;&#x645;&#x631; &#x627;&#x644;&#x62A;&#x634;&#x63A;&#x64A;&#x644; &#x627;&#x644;&#x641;&#x639;&#x644;&#x64A; &#x627;&#x644;&#x645;&#x62A;&#x628;&#x642;&#x64A; &#x628;&#x62F;&#x642;&#x629; &#x623;&#x645;&#x631;&#x64B;&#x627; &#x62C;&#x648;&#x647;&#x631;&#x64A;&#x64B;&#x627; &#x644;&#x636;&#x645;&#x627;&#x646; &#x645;&#x648;&#x62B;&#x648;&#x642;&#x64A;&#x629; &#x627;&#x644;&#x645;&#x639;&#x62F;&#x627;&#x62A;&#x60C; &#x62E;&#x627;&#x635;&#x629; &#x641;&#x64A; &#x627;&#x644;&#x623;&#x646;&#x638;&#x645;&#x629; &#x627;&#x644;&#x646;&#x648;&#x648;&#x64A;&#x629;. &#x62A;&#x648;&#x627;&#x62C;&#x647; &#x627;&#x644;&#x646;&#x645;&#x627;&#x630;&#x62C; &#x627;&#x644;&#x62A;&#x642;&#x644;&#x64A;&#x62F;&#x64A;&#x629; &#x62A;&#x62D;&#x62F;&#x64A;&#x627;&#x62A; &#x643;&#x636;&#x62E;&#x627;&#x645;&#x629; &#x627;&#x644;&#x62D;&#x62C;&#x645;&#x60C; &#x648;&#x628;&#x637;&#x621; &#x627;&#x644;&#x627;&#x633;&#x62A;&#x62F;&#x644;&#x627;&#x644;&#x60C; &#x648;&#x643;&#x62B;&#x631;&#x629; &#x627;&#x633;&#x62A;&#x647;&#x644;&#x627;&#x643; &#x627;&#x644;&#x630;&#x627;&#x643;&#x631;&#x629;&#x60C; &#x645;&#x645;&#x627; &#x64A;&#x62D;&#x62F; &#x645;&#x646; &#x643;&#x641;&#x627;&#x621;&#x62A;&#x647;&#x627; &#x641;&#x64A; &#x627;&#x644;&#x628;&#x64A;&#x626;&#x627;&#x62A; &#x645;&#x62D;&#x62F;&#x648;&#x62F;&#x629; &#x627;&#x644;&#x645;&#x648;&#x627;&#x631;&#x62F;. &#x644;&#x645;&#x639;&#x627;&#x644;&#x62C;&#x629; &#x630;&#x644;&#x643;&#x60C; &#x62A;&#x642;&#x62A;&#x631;&#x62D; &#x647;&#x630;&#x647; &#x627;&#x644;&#x62F;&#x631;&#x627;&#x633;&#x629; &#x62A;&#x642;&#x646;&#x64A;&#x627;&#x62A; &#x62A;&#x62D;&#x648;&#x64A;&#x644; &#x62B;&#x646;&#x627;&#x626;&#x64A; &#x62F;&#x627;&#x62E;&#x644; &#x627;&#x644;&#x634;&#x628;&#x643;&#x627;&#x62A; &#x627;&#x644;&#x639;&#x635;&#x628;&#x64A;&#x629; &#x627;&#x644;&#x645;&#x62A;&#x643;&#x631;&#x631;&#x629; &#x628;&#x647;&#x62F;&#x641; &#x62A;&#x642;&#x644;&#x64A;&#x644; &#x627;&#x644;&#x62D;&#x62C;&#x645;&#x60C; &#x648;&#x62A;&#x633;&#x631;&#x64A;&#x639; &#x627;&#x644;&#x62A;&#x646;&#x628;&#x624;&#x60C; &#x648;&#x62A;&#x62D;&#x642;&#x64A;&#x642; &#x643;&#x641;&#x627;&#x621;&#x629; &#x623;&#x639;&#x644;&#x649;. &#x62A;&#x645; &#x62A;&#x642;&#x64A;&#x64A;&#x645; &#x627;&#x644;&#x646;&#x645;&#x627;&#x630;&#x62C; &#x628;&#x627;&#x633;&#x62A;&#x62E;&#x62F;&#x627;&#x645; &#x645;&#x642;&#x627;&#x64A;&#x64A;&#x633; &#x62A;&#x634;&#x645;&#x644; &#x648;&#x642;&#x62A; &#x627;&#x644;&#x62A;&#x62F;&#x631;&#x64A;&#x628; &#x648;&#x627;&#x644;&#x627;&#x633;&#x62A;&#x62F;&#x644;&#x627;&#x644;&#x60C; &#x62A;&#x642;&#x644;&#x64A;&#x644; &#x627;&#x644;&#x630;&#x627;&#x643;&#x631;&#x629;&#x60C; &#x648;&#x62F;&#x642;&#x629; &#x627;&#x644;&#x62A;&#x646;&#x628;&#x624;&#x60C; &#x645;&#x639; &#x627;&#x644;&#x62A;&#x631;&#x643;&#x64A;&#x632; &#x639;&#x644;&#x649; &#x627;&#x644;&#x62A;&#x648;&#x627;&#x632;&#x646; &#x628;&#x64A;&#x646; &#x627;&#x644;&#x643;&#x641;&#x627;&#x621;&#x629; &#x648;&#x627;&#x644;&#x62F;&#x642;&#x629;. &#x637;&#x64F;&#x628;&#x642;&#x62A; &#x627;&#x644;&#x646;&#x645;&#x627;&#x630;&#x62C; &#x639;&#x644;&#x649; &#x628;&#x64A;&#x627;&#x646;&#x627;&#x62A; &#x648;&#x627;&#x642;&#x639;&#x64A;&#x629; &#x644;&#x645;&#x62D;&#x631;&#x643;&#x627;&#x62A; &#x646;&#x641;&#x627;&#x62B;&#x629;&#x60C; &#x648;&#x623;&#x638;&#x647;&#x631;&#x62A; &#x627;&#x644;&#x646;&#x62A;&#x627;&#x626;&#x62C; &#x642;&#x62F;&#x631;&#x62A;&#x647;&#x627; &#x639;&#x644;&#x649; &#x645;&#x648;&#x627;&#x62C;&#x647;&#x629; &#x627;&#x644;&#x62A;&#x62D;&#x62F;&#x64A;&#x627;&#x62A; &#x628;&#x641;&#x639;&#x627;&#x644;&#x64A;&#x629;&#x60C; &#x645;&#x645;&#x627; &#x64A;&#x62C;&#x639;&#x644;&#x647;&#x627; &#x645;&#x646;&#x627;&#x633;&#x628;&#x629; &#x644;&#x644;&#x62A;&#x637;&#x628;&#x64A;&#x642;&#x627;&#x62A; &#x627;&#x644;&#x62D;&#x64A;&#x648;&#x64A;&#x629; &#x627;&#x644;&#x62A;&#x64A; &#x62A;&#x62A;&#x637;&#x644;&#x628; &#x633;&#x631;&#x639;&#x629; &#x648;&#x62F;&#x642;&#x629; &#x645;&#x639; &#x645;&#x648;&#x627;&#x631;&#x62F; &#x645;&#x62D;&#x62F;&#x648;&#x62F;&#x629;.</subfield>
  </datafield>
  <datafield tag="530" ind1=" " ind2=" ">
    <subfield code="a">Issues also as CD.</subfield>
  </datafield>
  <datafield tag="546" ind1=" " ind2=" ">
    <subfield code="a">Text in English and abstract in Arabic &amp; English.</subfield>
  </datafield>
  <datafield tag="650" ind1=" " ind2="0">
    <subfield code="a">Engineering physics  </subfield>
  </datafield>
  <datafield tag="650" ind1=" " ind2="0">
    <subfield code="a">&#x627;&#x644;&#x631;&#x64A;&#x627;&#x636;&#x64A;&#x627;&#x62A; &#x648;&#x627;&#x644;&#x641;&#x64A;&#x632;&#x64A;&#x642;&#x627; &#x627;&#x644;&#x647;&#x646;&#x62F;&#x633;&#x64A;&#x629; </subfield>
  </datafield>
  <datafield tag="653" ind1=" " ind2="1">
    <subfield code="a">Prognostic Health Maintenance (PHM)</subfield>
    <subfield code="a">Remaining Useful Life Time (RUL)</subfield>
    <subfield code="a">Binarization</subfield>
    <subfield code="a">Long Short Term Memory (LSTM)</subfield>
    <subfield code="a">scoring function </subfield>
    <subfield code="a">&#x627;&#x644;&#x635;&#x64A;&#x627;&#x646;&#x629; &#x627;&#x644;&#x635;&#x62D;&#x64A;&#x629; &#x627;&#x644;&#x62A;&#x646;&#x628;&#x624;&#x64A;&#x629;</subfield>
    <subfield code="a">&#x627;&#x644;&#x639;&#x645;&#x631; &#x627;&#x644;&#x62A;&#x634;&#x63A;&#x64A;&#x644;&#x64A; &#x627;&#x644;&#x645;&#x62A;&#x628;&#x642;&#x64A;</subfield>
  </datafield>
  <datafield tag="700" ind1="0" ind2=" ">
    <subfield code="a">Mohamed Hesham Farouk</subfield>
    <subfield code="e">thesis advisor.</subfield>
  </datafield>
  <datafield tag="700" ind1="0" ind2=" ">
    <subfield code="a">Ahmed Mohamed Elsheikh</subfield>
    <subfield code="e">thesis advisor.</subfield>
  </datafield>
  <datafield tag="700" ind1="0" ind2=" ">
    <subfield code="a">Enas Hassan ElKhawas</subfield>
    <subfield code="e">thesis advisor.</subfield>
  </datafield>
  <datafield tag="900" ind1=" " ind2=" ">
    <subfield code="b">01-01-2025</subfield>
    <subfield code="c">Mohamed Hesham Farouk</subfield>
    <subfield code="c">Ahmed Mohamed Elsheikh</subfield>
    <subfield code="c">Enas Hassan ElKhawas</subfield>
    <subfield code="d">Khaled Mohammed El-Fasseh</subfield>
    <subfield code="d"> Reda Abdelwahab Ahmed</subfield>
    <subfield code="U">Cairo University</subfield>
    <subfield code="F">Faculty of Engineering</subfield>
    <subfield code="D">Department of Engineering Physics   </subfield>
  </datafield>
  <datafield tag="905" ind1=" " ind2=" ">
    <subfield code="a">Shimaa</subfield>
  </datafield>
  <datafield tag="942" ind1=" " ind2=" ">
    <subfield code="2">ddc</subfield>
    <subfield code="c">TH</subfield>
    <subfield code="e">21</subfield>
    <subfield code="n">0</subfield>
  </datafield>
  <datafield tag="999" ind1=" " ind2=" ">
    <subfield code="c">179892</subfield>
  </datafield>
  <datafield tag="952" ind1=" " ind2=" ">
    <subfield code="2">ddc</subfield>
    <subfield code="9">317512</subfield>
    <subfield code="a">CUCL</subfield>
    <subfield code="b">cl210</subfield>
    <subfield code="d">2026-05-02</subfield>
    <subfield code="i">93942</subfield>
    <subfield code="o">Cai01.13.10.M.Sc.2025.Wa.E</subfield>
    <subfield code="p">01010110093942000</subfield>
    <subfield code="r">2026-05-02 19:08:53</subfield>
    <subfield code="w">2026-05-02</subfield>
    <subfield code="y">TH</subfield>
  </datafield>
</record>
